000 00913nam0a22002771 4500
001 rc\255909
005 20030307121248.6
035 _a(NLR Aleph) 005527552
090 _a5574392
_c5574392
100 _a20030307d1990 u |0rusy50 ca
101 0 _arus
102 _aRU
105 _aa |||||||||
200 1 _aК вопросу адиабатического R-сжатия в токамаке
210 _aМ.
_cИАЭ
_d1990
215 _a[1], 8 с.
_cграф.
_d21
225 1 _aПрепринт
_fИн-т атом. энергии им. И.В. Курчатова
_vИАЭ-5070/6
300 _aРез. на англ. яз.
320 _aБиблиогр.: с. 8
700 1 _aГореленков
_bН. Н.
_gНиколай Николаевич
701 1 _aРоманников
_bА. Н.
801 0 _aRU
_bNLR
_gpsbo
801 1 _aRU
_bELAR
_2rusmarc
852 _aNLR
_j90-6/1736
942 _cBOOK
980 _aNB